|
|
|
|
| LEADER |
01066nam a2200253 a 4500 |
| 001 |
2968572 |
| 003 |
GR-PaULI |
| 005 |
20210117211108.0 |
| 008 |
910725s1992 enka 000 0 eng |
| 952 |
|
|
|0 0
|1 0
|2 ddc
|4 0
|6 365_450000000000000_956_91_AMN
|7 0
|9 241363
|a LISP
|b LISP
|c BSC
|d 2020-06-22
|i 147646
|l 0
|o 365.450 956 91 AMN
|p 025000274757
|r 2020-06-22 00:00:00
|t 1
|v 2020.00
|w 2020-06-22
|y BK15
|
| 999 |
|
|
|c 145629
|d 145629
|
| 010 |
|
|
|a 91176587
|
| 020 |
|
|
|a 0862102170
|
| 040 |
|
|
|a DLC
|c GR-PaULI
|b gre
|e AACR2
|
| 082 |
0 |
4 |
|a 365.450 956 91
|2 23
|
| 110 |
2 |
|
|9 181102
|a Amnesty International
|
| 245 |
1 |
0 |
|a Syria :
|b long-term detention and torture of political prisoners /
|c Amnesty International.
|
| 260 |
|
|
|a London, U.K. :
|b Amnesty International Publications,
|c 1992.
|
| 300 |
|
|
|a 48 σ. :
|b εικ. ;
|c 21 εκ.
|
| 650 |
|
4 |
|a Ανθρώπινα δικαιώματα
|9 958
|
| 650 |
|
4 |
|a Πολιτικοί κρατούμενοι
|9 181360
|z Συρία.
|
| 651 |
|
4 |
|9 181216
|a Συρία
|x Ανθρώπινα δικαιώματα.
|
| 942 |
|
|
|2 ddc
|c BK15
|
| 998 |
|
|
|c ΜΠΟΥΡΑΣ
|d 2020-06
|